MARC

LEADER 00000nas a22000003u 4500
001 ssj0000546275
003 WaSeSS
005 20200512172242.0
006 m d
007 cr n
008 200512uuuuuuuuu||||| |ss|||||| ||||||d
035 |a (WaSeSS)ssj0000546275 
040 |a WaSeSS  |c WaSeSS  |d WaSeSS 
245 0 0 |a JAZZed  |h [electronic resource]. 
260 |a [S.l.] :  |b [s.n.] 
500 |a Title from content provider. 
506 |a License restrictions may limit access. 
655 0 |a Electronic journals. 
856 4 0 |z Full text available from Research Library: 10/01/2006 to 03/31/2013  |u https://search.proquest.com/publication/53176 
856 4 0 |z Full text available from Research Library: 05/01/2013 to present  |u https://search.proquest.com/publication/2032737